| 000 | 01267cam a2200349 i 4500 | ||
|---|---|---|---|
| 001 | 18298051 | ||
| 003 | . | ||
| 005 | 20260106132804.0 | ||
| 008 | 140911t20152015njua b 001 0 eng | ||
| 010 | _a 2014033541 | ||
| 020 |
_a9780470603413 _qcloth |
||
| 020 |
_a9780470603413 _qcloth |
||
| 035 | _a18298051 | ||
| 040 |
_aDLC _beng _cDLC _erda _dDLC |
||
| 042 | _apcc | ||
| 050 | 0 | 0 |
_aQA76.76.S64 _bT75 2015 |
| 082 | 0 | 0 | _a005.1 T833 2015 |
| 100 | 1 | _aTripathy, Priyadarshi, | |
| 245 | 1 | 0 |
_aSoftware evolution and maintenance : _ba practitioner's approach / _cPriyadarshi Tripathy |
| 264 | 1 |
_aHoboken, New Jersey ; _bWiley, _c[2015] |
|
| 300 |
_a393 p _c25 cm |
||
| 336 |
_atext _2rdacontent |
||
| 337 |
_aunmediated _2rdamedia |
||
| 338 |
_avolume _2rdacarrier |
||
| 504 | _aIncludes bibliographical references and index. | ||
| 650 | 0 | _aSoftware maintenance. | |
| 700 | 1 |
_aNaik, Kshirasagar, _d1959- |
|
| 776 | 0 | 8 |
_iOnline version: _aTripathy, Priyadarshi, 1958- _tSoftware evolution and maintenance _dHoboken, New Jersey : John Wiley & Sons Inc., [2015] _z9781118960295 _w(DLC) 2014036409 |
| 906 |
_a7 _bcbc _corignew _d1 _eecip _f20 _gy-gencatlg |
||
| 942 |
_2ddc _cBK-EN _n0 |
||
| 999 |
_c7863 _d7863 |
||